| 000 | 00655nam a2200193 i 4500 | ||
|---|---|---|---|
| 001 | bg | ||
| 100 | 1 | _aFRĄCKOWIAK, Halina | |
| 245 | 0 |
_aMiernik oceny postępu technicznego w gospodarce magazynowej obrotu materiałowego : _bProgramowanie sieci magazynów hurtowych / _cHalina Frąckowiak ; Hanna Pieprzyk, Andrzej Weselik. |
|
| 260 |
_aPoznań : _bCentr. Ośr. Gospod. Mag., _c1977. |
||
| 300 |
_as. 93 : _btsb. |
||
| 490 | 1 |
_aStudia i Materiały ; _vZesz. 31 |
|
| 504 | _a[Zawiera bibliogr.]. | ||
| 830 | _aStudia i Materiały ; | ||
| 040 | _cBPK | ||
| 041 | _apol | ||
| 080 | _a658.78 | ||
| 942 | _cKS | ||
| 008 | s pl f |000 0 pol | ||
| 999 |
_c27652 _d27652 |
||
| 856 |
_uhttp://koha.tu.koszalin.pl/cgi-bin/koha/opac-detail.pl?biblionumber=27652 _yKatalog online BPK |
||